000 00844nam a22002777a 4500
001 BR7500230
003 BR-BrBNA
005 20230928084716.0
007 ta
008 230509b bl.||||| |||| 00| 0 por d
040 _aBR-BrBNA
_bpor
_cBiblioteca Nacional de Agricultura
041 _a(Por)
072 _aE10
_b/G514
090 _ E10 BR7500230
100 1 _aArruda, H.P. de
110 1 _aInstituto Nacional de Colonizacao e Reforma Agraria, Brasilia, DF (Brasil)
111 1 _aSeminario Nacional sobre Criterios para Programas de Organizacao
_cBogota (Colombia)
_dJun 1974
245 1 _aSelecao de areas para colonizacao [Brasil]
260 3 _aBrasilia, DF (Brasil):
_c1974.
300 _a22 p.
500 _a10 ref.
650 _aMacroeconomia
650 _aColonizacao
909 _a202309
_bLucia
_c55
_dLucia Elande
942 _cBK
999 _c20621
_d20621